| 000 | 00745cam a2200265Ia 4500 | ||
|---|---|---|---|
| 001 | zsdlsd b1002811 | ||
| 003 | OCoLC | ||
| 005 | 20240309125016.0 | ||
| 008 | 990208s1998 sp a j 000 1 spa d | ||
| 020 |
_a8420789860 (pbk.) : _c$5.99 |
||
| 020 | _a9788420789866 | ||
| 040 |
_aCS1 _cCS1 _dOCL _dPL# _dJTB |
||
| 041 | _aspa | ||
| 092 | 0 | _aSPA FIC/MUNOZ | |
| 100 | 1 | _aMunoz Puelles, Vicente. | |
| 245 | 1 | 0 |
_aOscar y el leon de Correos / _cVicente Munoz Puelles ; ilustraciones de Noemi Villamuza. |
| 250 | _a1. ed. | ||
| 260 |
_aMadrid : _bAnaya, _c1998. |
||
| 300 |
_a60 p. : _bcol. ill. ; _c20 cm. |
||
| 440 | 0 |
_aSopa de libros ; _v21. |
|
| 521 | 1 | _a007-009. | |
| 650 | 0 |
_aFear _vFiction. |
|
| 700 | 1 | _aVillamuza, Noemi. | |
| 942 | _cBK | ||
| 999 |
_c29351 _d29349 |
||